| 000 | 00626nam a2200241Ia 4500 | ||
|---|---|---|---|
| 003 | OSt | ||
| 005 | 20220918205259.0 | ||
| 006 | a|||||r|||| 00| 0 | ||
| 007 | ta | ||
| 008 | 220917b |||||||| |||| 00| 0 eng d | ||
| 024 | _a115,961 | ||
| 037 | _cTextual | ||
| 040 |
_aARTS _cARTS _beng |
||
| 041 |
_2eng _aeng |
||
| 082 | _aV591.N08-M76, L7 | ||
| 100 |
_aKushner D _9114647 |
||
| 245 | 0 | _aRise of Turkish nationlsim 1876-1908 | |
| 260 |
_aLondon _bFrank _c1977 |
||
| 300 |
_ax, 126p. _ccm. |
||
| 650 | _aHISTORY | ||
| 942 |
_hV591.N08-M76, L7 _cTEXL _2CC |
||
| 999 |
_c239289 _d239289 |
||